LAW RELATING TO INTELLECTUAL PROPERTY RIGHTS (Record no. 23055)

MARC details
000 -LEADER
fixed length control field 00338nam a22001457a 4500
003 - CONTROL NUMBER IDENTIFIER
control field SGT
020 ## - INTERNATIONAL STANDARD BOOK NUMBER
International Standard Book Number 9788131251652
082 ## - DEWEY DECIMAL CLASSIFICATION NUMBER
Classification number 346.08
Item number AHU
100 ## - MAIN ENTRY--PERSONAL NAME
Personal name AHUJA , V K
245 ## - TITLE STATEMENT
Title LAW RELATING TO INTELLECTUAL PROPERTY RIGHTS
250 ## - EDITION STATEMENT
Edition statement 3
260 ## - PUBLICATION, DISTRIBUTION, ETC. (IMPRINT)
Place of publication, distribution, etc GURGAON
Name of publisher, distributor, etc LEXIS NEXIS
Year of Publication 2022
300 ## - PAGE DESCRIPTION
No. of Pages LXXVIII ,769
942 ## - ADDED ENTRY ELEMENTS (KOHA)
Source of classification or shelving scheme Dewey Decimal Classification
Koha item type Books
942 ## - ADDED ENTRY ELEMENTS (KOHA)
-- 17
Holdings
Withdrawn status Lost status Source of classification or shelving scheme Damaged status Not for loan Collection code Home library Current library Shelving location Date acquired Vendor Name Cost, normal purchase price SGTU Bill Number Total Checkouts Full call number Accession No. (Barcode) Date last seen Bill Date Koha item type Date last borrowed
    Dewey Decimal Classification   Not For Loan LAW SGT Science & Social Sciences Library SGT Science & Social Sciences Library Reference Book 22/07/2022 AHUJA BOOK COMPANY 825.00 SGTU 14697   346.08 AHU FL2831 22/07/2022 30/06/2022 Books  
    Dewey Decimal Classification     LAW SGT Science & Social Sciences Library SGT Science & Social Sciences Library Text Book 22/07/2022 AHUJA BOOK COMPANY 825.00 SGTU 14697 23 346.08 AHU FL2832 21/04/2026 30/06/2022 Books 15/04/2026